00649nam a2200229Ia 450000100060000000300090000600800410001504000130005604000130006904100130008210000180009510000290011324500230014224500570016525000110022226000090023326000120024226000490025430000550030365000300035865000310038833152IT-RoPAU130308s9999 xx 000 0 und d aIT-RoPAU cIT-RoPAU aITALIANO aSordi Alberto gCodice Aut. SPICS: 18629 aAttori si nasce… bFare Cinema-Le Arti,I mestieri e le Tecniche del Set a1a ed. aROMA bGremese c1985 [1° Ed.:1985 - Ed.Ling.Originale:1985] a"5 p. (prefazione: no ; testo: 5 [pagine: 47-51])" aINDUSTRIA CINEMATOGRAFICA eCodice materia Spics: 6806